000 00561nam a2200181 a 4500
001 000041382
005 20201002034835.0
008 131001s2012 mx 000 0 spa d
020 _a9786071118738
040 _aDO-SdBNP
_bspa
_cBNPHU
082 _axxxxxx
_bxxxxxx
100 1 _aBrizuela, Leopoldo,
_d1963-
_968033
245 1 0 _aUna misma noche /
_cLeopoldo Brizuela.
260 _aMéxico :
_bAlfaguara,
_c2012.
300 _a276 p. ;
_c24 cm.
500 _aIncluye datos biografĂ­cos del autor en la solapa de la cubierta
586 _aAlfaguara de novela 2012
999 _c40872
_d40872